On This Day: July 19th Quiz Stats

 Plays Quiz Updated Jul 19, 2017

Support Sporcle.
Go Orange.
Score 0/7 Timer 03:00
2 Plays Today
Question Answer Wrong Answers
Maurice Garin wins the first of this famous cycling race.
1903
Tour de France
95.2%
Vuelta a España
0.6%
Tour of Flanders
1.3%
Giro dell'Emilia
0.7%
The first line of the ______ Métro opens for operation, as part of the Exposition Universelle World’s Fair.
1900
Paris
88%
London
7.6%
Prague
1.2%
Amsterdam
1.6%
This English actor, who stars as Sherlock Holmes in the TV series ‘Sherlock,’ is born.
1976
Benedict Cumberbatch
84.2%
Martin Freeman
2.8%
Tom Hiddleston
6.1%
Eddie Redmayne
3.5%
The 1980 Summer Olympics open in this city. Led by the United States, a number of countries would boycott the games in protest.
1980
Moscow
80.4%
Berlin
10.5%
Mexico City
3.5%
Helsinki
1.7%
This European city is bombed by more than 500 Allied aircraft. The event was controversial to many Americans, given the city's old age and importance to Catholicism.
1943
Rome
75.6%
Madrid
1.8%
Vienna
5%
Munich
14.7%
Sagarmāthā National Park in Nepal is created. ‘Sagarmāthā’ is what ______ is known as in Nepal.
1976
Mount Everest
71.9%
Buddhism
6.4%
Himalaya
15.7%
Mount Kailash
2.3%
A two-day Women's Rights Convention opens in ______, New York.
1848
Seneca Falls
54.5%
Albany
16.4%
Buffalo
13.8%
Rochester
15.2%

You're not logged in!

Compare scores with friends on all Sporcle quizzes.
OR
Log In
Forgot?

From the Vault

Mis-Matched Movies III

by Carlwev

We'd totally watch some of these new movies.
Remove Ads.
Support Sporcle.
Get the best of Sporcle when you Go Orange. This ad-free experience offers more features, more stats, and more fun while also helping to support Sporcle. Thank you for becoming a member.

Show Comments

Extras

Top Quizzes Today


Score Distribution

Your Account Isn't Verified!

In order to create a playlist on Sporcle, you need to verify the email address you used during registration. Go to your Sporcle Settings to finish the process.

Report this User

Report this user for behavior that violates our Community Guidelines.

Details: